Normal view
MARC view
- DR.MUHAMMAD YOUNUS BUTT
Entry Personal Name
001 - CONTROL NUMBER
- control field: 125112
003 - CONTROL NUMBER IDENTIFIER
- control field: NUST
005 - DATE AND TIME OF LATEST TRANSACTION
- control field: 20240813110554.0
008 - FIXED-LENGTH DATA ELEMENTS
- fixed length control field: 240813|| aca||aabn | a|a d
040 ## - CATALOGING SOURCE
- Original cataloging agency: NUST
- Transcribing agency: NUST
100 ## - HEADING--PERSONAL NAME
- Personal name: DR.MUHAMMAD YOUNUS BUTT
670 ## - SOURCE DATA FOUND
- Source citation: Work cat.: (NUST): DR.MUHAMMAD YOUNUS BUTT, LAAF ZANNIAN, 2001.
